Sports Quiz

Random Sports or Basketball Quiz

WNBA Champions Quiz Stats

 Plays Quiz Updated Oct 3, 2019

Score 0/23 Timer 05:00
1 Play Today
Year Champions % Correct
2001Los Angeles Sparks
87.1%
2002Los Angeles Sparks
85.2%
2015Minnesota Lynx
78.2%
1997Houston Comets
77.4%
2017Minnesota Lynx
77.3%
2019Washington Mystics
76.1%
1999Houston Comets
76.1%
1998Houston Comets
75.9%
2016Los Angeles Sparks
75.2%
2000Houston Comets
75.1%
2013Minnesota Lynx
73.6%
2003Detroit Shock
71%
Year Champions % Correct
2011Minnesota Lynx
69.9%
2014Phoenix Mercury
69.5%
2007Phoenix Mercury
68.9%
2006Detroit Shock
68.1%
2009Phoenix Mercury
66%
2012Indiana Fever
65.7%
2005Sacramento Monarchs
63.8%
2008Detroit Shock
63.3%
2018Seattle Storm
63%
2004Seattle Storm
61.2%
2010Seattle Storm
54.6%

You're not logged in!

Compare scores with friends on all Sporcle quizzes.
OR
Log In

Sporcle TV

Today on Sporcle TV


Watch our educational content, quiz creation guides, and fun videos on Sporcle TV.

Show Comments

Extras

Top Quizzes Today


Score Distribution

Your Account Isn't Verified!

In order to create a playlist on Sporcle, you need to verify the email address you used during registration. Go to your Sporcle Settings to finish the process.

Report this User

Report this user for behavior that violates our Community Guidelines.

Details: